The new towns of Britain (Record no. 410442)

000 -LEADER
fixed length control field 00338cam a22001097a 4500
008 - FIXED-LENGTH DATA ELEMENTS--GENERAL INFORMATION
fixed length control field 180718b1969 xxu||||| |||| 00| 0 eng d
082 ## - DEWEY DECIMAL CLASSIFICATION NUMBER
Classification number J71x42 Un3 C.2
245 ## - TITLE STATEMENT
Title The new towns of Britain
Statement of responsibility, etc. By Central office of information
260 ## - PUBLICATION, DISTRIBUTION, ETC.
Place of publication, distribution, etc. London
Name of publisher, distributor, etc. Central office of information
Date of publication, distribution, etc. 1969
300 ## - PHYSICAL DESCRIPTION
Extent 26p
650 ## - SUBJECT ADDED ENTRY--TOPICAL TERM
Topical term or geographic name entry element New towns - Great Britain.
Holdings
Withdrawn status Lost status Damaged status Not for loan Permanent Location Current Location Date acquired Full call number Barcode Date last seen Price effective from Koha item type
        Indian Institute of Public Administration Indian Institute of Public Administration 2009-01-19 J71x42 Un3 C.3 D686 2018-07-21 2018-07-21 D
        Indian Institute of Public Administration Indian Institute of Public Administration 2009-01-19 J71x42 Un3 C.2 D685 2018-07-21 2018-07-21 D

Powered by Koha